00735nam a2200193Ia 4500001000700000003000500007008004100012010001100053040000900064100003100073245021100104260004100315300001000356502007600366650002400442650002400466650002600490650002500516Z_4337CHAP220113s1998 xx 000 0 und d a167407 cCHAP aGarcía Becerril, Delfino aConservación de semen de conejo nueva zelenda blanco a 5ºC con diferentes dilutores y su efecto sobre el comportamiento reproductivo /cpor Delfino García Becerril y Jorge Alberto Gutiérrez Muñoz aChapingo, Méx. :bEl autor,c1998 a65 h. aTesis (Ing. Agr. Esp. en Zootecnia) -- UACH. Departamento de Zootecnia aCriopreservación  aGanado lanarxRazas aSemenxCongelación  aSemenxGanado lanar